Normal view
MARC view
- Presidentes
Entry Materia
001 - NÚMERO DE CONTROL DEL REGISTRO
- campo de control: 21225
003 - IDENTIFICADOR DE NUMERO DE CONTROL
- campo de control: UPN
005 - FECHA Y HORA DE LA ÚLTIMA TRANSACCIÓN
- campo de control: 20240924112329.0
008 - DATOS DE LONGITUD FIJA
- campo de control de longitud fija: 230420dn|annnnbabn n ana |d
035 ## - NÚMERO DE CONTROL DEL SISTEMA
- Número de control del sistema: UPN10000021234
040 ## - FUENTE DE LA CATALOGACIÓN
- Lengua de catalogación: spa
- Centro catalogador de origen: MX-MxUPN
046 ## - FECHAS CON CODIFICACIÓN ESPECIAL
- Fecha final para contenidos agregados: 2023
150 ## - ENCABEZAMIENTO - TEMÁTICO
- Término de materia o nombre geográfico como elemento inicial: Presidentes
- Subdivisión geográfica: México
670 ## - FUENTE EN LA QUE SE LOCALIZARON DATOS
- Cita de la fuente: Escamilla González, G. Lista de encabezamientos de materia, 1978 :
- Información localizada: página 683 (Presidentes -- México)
902 ## - CATALOGADOR
- Catalogador: MCM/111012
- Catalogador: VíctorGodínez/200423
